000 005380000a22001810004500
003 MACL
005 20160609130346.0
008 160609b xxu||||| |||| 00| 0 eng d
040 _aMACL
_cMACL
041 _aHindi
082 _a891.433
100 _aसैनी, राजकुमार
_944994
245 _aप्रभा
_cराजकुमार सैनी
260 _bराजेश प्रकाशन
_c1997
_aनई दिल्‍ली
350 _a50
650 _aNovel
_963400
942 _cHIN
_k891.433
_2ddc
999 _c30109
_d30109